Concrete mathematics : a foundation for computer science (Record no. 7447)
[ view plain ]
| 000 -LEADER | |
|---|---|
| fixed length control field | 00663 a2200217 4500 |
| 020 ## - INTERNATIONAL STANDARD BOOK NUMBER | |
| International Standard Book Number | 0201558025 |
| 020 ## - INTERNATIONAL STANDARD BOOK NUMBER | |
| International Standard Book Number | 0201558025 |
| 040 ## - CATALOGING SOURCE | |
| Original cataloging agency | Library of Congress |
| Language of cataloging | English |
| 082 00 - DEWEY DECIMAL CLASSIFICATION NUMBER | |
| Classification number | 510 |
| 100 1# - MAIN ENTRY--PERSONAL NAME | |
| Personal name | Graham, Ronald L., |
| 245 10 - TITLE STATEMENT | |
| Title | Concrete mathematics : a foundation for computer science |
| Statement of responsibility, etc. | Ronald L. Graham, Donald E. Knuth, Oren Patashnik. |
| 250 ## - EDITION STATEMENT | |
| Edition statement | 2nd ed. |
| 260 ## - PUBLICATION, DISTRIBUTION, ETC. | |
| Place of publication, distribution, etc. | Reading, Mass. : |
| Name of publisher, distributor, etc. | Addison-Wesley, |
| Date of publication, distribution, etc. | c1994. |
| 300 ## - PHYSICAL DESCRIPTION | |
| Extent | xiii, 657 p. : |
| Other physical details | ill. ; |
| Dimensions | 24 cm. |
| 500 ## - GENERAL NOTE | |
| General note | Indian print |
| 650 #0 - SUBJECT ADDED ENTRY--TOPICAL TERM | |
| Topical term or geographic name entry element | Mathematics. |
| 650 #0 - SUBJECT ADDED ENTRY--TOPICAL TERM | |
| Topical term or geographic name entry element | Computer science |
| 700 1# - ADDED ENTRY--PERSONAL NAME | |
| Personal name | Knuth, Donald Ervin, |
| Dates associated with a name | 1938- |
| 700 1# - ADDED ENTRY--PERSONAL NAME | |
| Personal name | Patashnik, Oren. |
| 942 ## - ADDED ENTRY ELEMENTS (KOHA) | |
| Koha item type | Book |
| Call number prefix | 510 GRA |
| Source of classification or shelving scheme | |
| Withdrawn status | Lost status | Damaged status | Not for loan | Collection code | Permanent Location | Current Location | Shelving location | Date acquired | Source of acquisition | Cost, normal purchase price | Total Checkouts | Full call number | Barcode | Date last seen | Price effective from | Koha item type | Date last checked out |
|---|---|---|---|---|---|---|---|---|---|---|---|---|---|---|---|---|---|
| Central Library (CL) | Central Library (CL) | General Stacks | 02/06/2003 | Book Field | 569.93 | 510 GRA | SEECS003070 | 11/14/2012 | 01/05/2017 | Book | |||||||
| Central Library (CL) | Central Library (CL) | General Stacks | 10/07/2002 | Allied Book Company | 540.00 | 1 | 510 GRA | SEECS002536 | 07/28/2015 | 01/05/2017 | Book | 10/25/2014 | |||||
| Central Library (CL) | Central Library (CL) | General Stacks | 09/25/2002 | Allied Book Company | 540.00 | 1 | 510 GRA | SEECS002504 | 02/18/2014 | 01/05/2017 | Book | 02/02/2014 |
